Southville International School and Colleges
Your cart is empty.
  • Cart
  • Lists
    Public lists Eva Luna New books Lux_list list_1
    Your lists Log in to create your own lists
  • Log in to your account
  • Your cookies
  • Search history
Southville International School and Colleges
  • Advanced search
  • Recent comments
  • Most popular
  • Libraries

Log in to your account

Log in with GOOGLE


If you do not have an external account, but do have a local account, you can still log in:

  1. Home
  2. MARC view: A matter of honor /
Normal view MARC view ISBD view

A matter of honor / (Record no. 10730)

[ view plain ]
MARC details
000 -LEADER
fixed length control field 00537nam a22002057a 4500
003 - CONTROL NUMBER IDENTIFIER
control field OSt
005 - DATE AND TIME OF LATEST TRANSACTION
control field 20140310182222.0
008 - FIXED-LENGTH DATA ELEMENTS--GENERAL INFORMATION
fixed length control field 130909t xxu||||| |||| 00| 0 eng d
020 ## - INTERNATIONAL STANDARD BOOK NUMBER
International Standard Book Number 0061007137
050 ## - LIBRARY OF CONGRESS CALL NUMBER
Classification number PR 6051.R285
Item number .Ar671 1986
082 ## - DEWEY DECIMAL CLASSIFICATION NUMBER
Classification number FIC
Item number Ar2m 1986
100 ## - MAIN ENTRY--PERSONAL NAME
Personal name Archer, Jeffrey
9 (RLIN) 17285
245 ## - TITLE STATEMENT
Title A matter of honor /
Statement of responsibility, etc Jeffrey Archer.
260 ## - PUBLICATION, DISTRIBUTION, ETC. (IMPRINT)
Place of publication, distribution, etc New York :
Name of publisher, distributor, etc Harper Paperbacks,
Date of publication, distribution, etc c1986.
300 3# - PHYSICAL DESCRIPTION
Extent 360 p. :
Dimensions 17 cm.
541 ## - IMMEDIATE SOURCE OF ACQUISITION NOTE
-- 1
562 ## - COPY AND VERSION IDENTIFICATION NOTE
Number of copies 1
650 ## - SUBJECT ADDED ENTRY--TOPICAL TERM
Topical term or geographic name as entry element Fiction
9 (RLIN) 746
942 ## - ADDED ENTRY ELEMENTS (KOHA)
Source of classification or shelving scheme Library of Congress Classification
Koha item type
Holdings
Withdrawn status Lost status Source of classification or shelving scheme Damaged status Home library Current library Shelving location Date acquired Total Checkouts Full call number Barcode Date last seen Copy number Price effective from Koha item type
    Library of Congress Classification   Luxembourg Library Luxembourg Library Fiction Section 09/09/2013   PR 6051.R285 .Ar671 1986 5143 06/18/2015 1 10/03/2013 Books

A matter of honor /

APA

Archer J., . (1986). A matter of honor. New York: Harper Paperbacks.

Chicago

Archer Jeffrey, . 1986. A matter of honor. New York: Harper Paperbacks.

Harvard

Archer J., . (1986). A matter of honor. New York: Harper Paperbacks.

MLA

Archer Jeffrey, . A matter of honor. New York: Harper Paperbacks. 1986.

  • Place hold
  • Print
  • Cite
  • Add to your cart (remove)
  • Save record
    BIBTEX Dublin Core MARCXML MARC (non-Unicode/MARC-8) MARC (Unicode/UTF-8) MARC (Unicode/UTF-8, Standard) MODS (XML) RIS
  • More searches
    Search for this title in:
    Other Libraries (WorldCat) Other Databases (Google Scholar) Online Stores (Bookfinder.com) Open Library (openlibrary.org)

Exporting to Dublin Core...

SOUTHVILLE LIBRARY

Southville International School and Colleges Library

1281 Tropical Ave. Cor. Luxembourg St., BF Homes International, Las Pinas City

Tel. No. 8256374 / 252358 Loc. 117/146

Powered by Koha